Social movement readings on their emergence, mobilization, and dynamics /
Este texto es una antología editada por Doug McAdam y David A Snow, cuyo propósito es servir de consulta en cursos sobre movimientos sociales, comportamiento colectivo y sociología política. Se enfoca en la emergencia de los movimientos sociales, a través de los procesos de micromobilización y accio...
Сохранить в:
| Главный автор: | |
|---|---|
| Другие авторы: | |
| Формат: | Неизвестно |
| Язык: | English |
| Опубликовано: |
California :
Roxbury Publishing Company,
|
| Предметы: | |
| Метки: |
Добавить метку
Нет меток, Требуется 1-ая метка записи!
|
MARC
| LEADER | 00000 a2200000 04500 | ||
|---|---|---|---|
| 001 | 40211 | ||
| 003 | cru CIDCACS/IIS | ||
| 005 | 20200925160457.0 | ||
| 008 | 050619s1997 cau eng d | ||
| 999 | |c 8785 |d 8785 | ||
| 020 | |a 0-935732-86-1 | ||
| 022 | |a 0-935732-86-1 | ||
| 040 | |c CRAI/IIS |a CRAI/IIS | ||
| 090 | |a 05.03.04 M113s | ||
| 100 | |a McAdam, Doug | ||
| 245 | |a Social movement readings on their emergence, mobilization, and dynamics / |c Doug McAdam; David A. Snow | ||
| 260 | |a California : |b Roxbury Publishing Company, | ||
| 300 | |a 557 páginas | ||
| 500 | |a Colección Cambio Social donada por Paul Almeida | ||
| 520 | |a Este texto es una antología editada por Doug McAdam y David A Snow, cuyo propósito es servir de consulta en cursos sobre movimientos sociales, comportamiento colectivo y sociología política. Se enfoca en la emergencia de los movimientos sociales, a través de los procesos de micromobilización y acciones tácticas, de resultados y consecuencias. Cubre un ancho rango de movimientos sociales, incluyendo derechos civiles, de mujeres y derechos de los animales. | ||
| 590 | |a DISEMINAR072010 |a DISEMINAR072010/RRA/SETIEMBRE2010 |a DISEMINAR072010/RRA/SETIEMBRE2010 |a DISEMINAR072010 |a DISEMINAR072010/RRA/SETIEMBRE2010 |a DISEMINAR072010 | ||
| 650 | |a MOVIMIENTOS SOCIALES | ||
| 650 | |a CONFLICTOS SOCIALES | ||
| 650 | |2 Macrothesaurus de la OCDE |a TEORIA | ||
| 650 | |a ASPECTOS POLITICOS | ||
| 650 | |a ASPECTOS SOCIALES | ||
| 650 | |a CONSECUENCIAS SOCIALES | ||
| 650 | |a REPRESION | ||
| 700 | |a Snow, David A. | ||
| 942 | |2 ddc |c LI | ||



